000 00394nam a2200157Ia 4500
008 231221s9999 xx 000 0 und d
041 _aEnglish
082 _a001.6424 GUP;
100 _aGupta, Vikas
245 0 _aComdex : computer course kit
260 _c2004
_bDreamtech press
_aNew Delhi
300 _a432
300 _c33789
650 _aComdex,:,computer,course,kit
942 _cCD
999 _c203105
_d203105